Lectures and Essays (Record no. 235890)
[ view plain ]
| 000 -LEADER | |
|---|---|
| fixed length control field | 01367cam a22002533a 4500 |
| 001 - CONTROL NUMBER | |
| control field | 6570 |
| 003 - CONTROL NUMBER IDENTIFIER | |
| control field | PGUSA |
| 005 - DATE AND TIME OF LATEST TRANSACTION | |
| control field | 20140828083134.0 |
| 008 - FIXED-LENGTH DATA ELEMENTS--GENERAL INFORMATION | |
| fixed length control field | 040901s2004||||xxu|||||s|||||000 e eng d |
| 040 ## - CATALOGING SOURCE | |
| Original cataloging agency | PGUSA |
| Language of cataloging | eng |
| 042 ## - AUTHENTICATION CODE | |
| Authentication code | dc |
| 050 #4 - LIBRARY OF CONGRESS CALL NUMBER | |
| Classification number | AC |
| 050 #4 - LIBRARY OF CONGRESS CALL NUMBER | |
| Classification number | PS |
| 100 1# - MAIN ENTRY--PERSONAL NAME | |
| Personal name | Smith, Goldwin, |
| Dates associated with a name | 1823-1910 |
| 245 10 - TITLE STATEMENT | |
| Title | Lectures and Essays |
| Medium | [electronic resource] / |
| Statement of responsibility, etc | Goldwin Smith |
| 260 ## - PUBLICATION, DISTRIBUTION, ETC. (IMPRINT) | |
| Name of publisher, distributor, etc | Project Gutenberg, |
| Date of publication, distribution, etc | 2004 |
| 505 0# - FORMATTED CONTENTS NOTE | |
| Formatted contents note | The greatness of the Romans -- The greatness of England -- The great duel of the seventeenth century -- The lamps of fiction; a speech on the centenary of the birth of Sir Walter Scott -- An address to the Oxford school of science and art -- The ascent of man -- The proposed substitutes for religion -- The labour movement -- What is culpable luxury? -- A true captain of industry [Mr. Brassey] -- A wirepuller of kings [Baron Stockmar] -- The early years of the conqueror of Quebec -- Falkland and the Puritans -- The early years of Abraham Lincoln -- Alfredus Rex Fundator -- The last republicans of Rome -- Austen-Leigh's memoir of Jane Austen -- Pattison's Milton -- Coleridge's life of Keble. |
| 506 ## - RESTRICTIONS ON ACCESS NOTE | |
| Terms governing access | Public domain in the USA. |
| 516 ## - TYPE OF COMPUTER FILE OR DATA NOTE | |
| Type of computer file or data note | Electronic text |
| 653 ## - INDEX TERM--UNCONTROLLED | |
| Uncontrolled term | Canadian essays -- 19th century |
| 830 #0 - SERIES ADDED ENTRY--UNIFORM TITLE | |
| Uniform title | Project Gutenberg |
| Volume number/sequential designation | 6570 |
| 856 40 - ELECTRONIC LOCATION AND ACCESS | |
| Uniform Resource Identifier | <a href="http://www.gutenberg.org/ebooks/6570">http://www.gutenberg.org/ebooks/6570</a> |
| 942 ## - ADDED ENTRY ELEMENTS (KOHA) | |
| Koha item type | eBooks |
| Withdrawn status | Lost status | Damaged status | Home library | Current library | Date acquired | Total Checkouts | Date last seen | Price effective from | Koha item type |
|---|---|---|---|---|---|---|---|---|---|
| Project Gutenberg | Project Gutenberg | 08/28/2014 | 08/28/2014 | 08/28/2014 | eBooks |